000 00174nam a22000857a 4500
082 _a526.9TRA
100 _aTracy John C
245 _aSurveying theory and practice
942 _cBK
999 _c15165
_d15165